| 000 | 00671cam a22002293a 4500 | ||
|---|---|---|---|
| 001 | 17543 | ||
| 003 | PGUSA | ||
| 005 | 20140828083356.0 | ||
| 008 | 060118s2006||||xxu|||||s|||||000 | eng d | ||
| 040 |
_aPGUSA _beng |
||
| 042 | _adc | ||
| 050 | 4 | _aD | |
| 245 | 1 | 0 |
_aUne Confédération Orientale comme solution de la Question d'Orient (1905) _h[electronic resource] / _cAnonymous |
| 260 |
_bProject Gutenberg, _c2006 |
||
| 506 | _aPublic domain in the USA. | ||
| 516 | _aElectronic text | ||
| 653 | _aBalkan Peninsula | ||
| 653 | _aEastern question (Balkan) | ||
| 830 | 0 |
_aProject Gutenberg _v17543 |
|
| 856 | 4 | 0 | _uhttp://www.gutenberg.org/ebooks/17543 |
| 942 | _cEB | ||
| 999 |
_c246798 _d246798 |
||